Welcome to CU Library Online Public Access Catalogue (OPAC)

OrCAD Pspice and circuit analysis / (Record no. 8210)

MARC details
000 -LEADER
fixed length control field 00607cam a22002054a 4500
001 - CONTROL NUMBER
control field 11942100
005 - DATE AND TIME OF LATEST TRANSACTION
control field 20251110202620.0
008 - FIXED-LENGTH DATA ELEMENTS--GENERAL INFORMATION
fixed length control field 000315s2001 njua b 001 0 eng
020 ## - INTERNATIONAL STANDARD BOOK NUMBER
International Standard Book Number 0130157953
020 ## - INTERNATIONAL STANDARD BOOK NUMBER
International Standard Book Number 9780130157959
050 00 - LIBRARY OF CONGRESS CALL NUMBER
Classification number TK454
Item number .K465 2001
082 00 - DEWEY DECIMAL CLASSIFICATION NUMBER
Classification number 621.319/2/0285
Edition information 21
100 1# - MAIN ENTRY--PERSONAL NAME
Personal name Keown, John.
245 10 - TITLE STATEMENT
Title OrCAD Pspice and circuit analysis /
Statement of responsibility, etc. John Keown.
250 ## - EDITION STATEMENT
Edition statement 4th ed.
260 ## - PUBLICATION, DISTRIBUTION, ETC.
Place of publication, distribution, etc. Upper Saddle River, NJ :
Name of publisher, distributor, etc. Prentice Hall,
Date of publication, distribution, etc. 2001.
300 ## - PHYSICAL DESCRIPTION
Extent xvii, 609 p. :
Other physical details ill. ;
Dimensions 24 cm.
650 #0 - SUBJECT ADDED ENTRY--TOPICAL TERM
Topical term or geographic name entry element Electric circuit analysis
General subdivision Data processing.
942 ## - ADDED ENTRY ELEMENTS (KOHA)
Source of classification or shelving scheme Library of Congress Classification
Koha item type Books
Edition 4th ed.
Suppress in OPAC No
999 ## -
-- 8210
-- 8210
Holdings
Withdrawn status Lost status Source of classification or shelving scheme Damaged status Not for loan Collection Home library Current library Shelving location Date acquired Total checkouts Full call number Barcode Date last seen Copy number Price effective from Koha item type
    Library of Congress Classification     Non-fiction Science Library (Miotso) Science Library (Miotso) General stacks 11/10/2025   TK454 .K465 KEO SLM00005724 11/10/2025 1 11/10/2025 Books
© 2023-2024 Copyright: Central University Libraries. All Rights Reserved | Created by: Mahone Tech Office